[Event "Mlada Boleslav Region-ch U12"]
[Site "Mlada Boleslav"]
[Date "2017.06.24"]
[Round "2"]
[White "Slavik, Adam"]
[Black "Svoboda, Jan1111"]
[Result "1-0"]
[WhiteElo "1110"]
[BlackElo "1250"]
[PlyCount "65"]
[EventDate "2017.06.24"]
[EventType "swiss"]
[EventRounds "7"]
[EventCountry "CZE"]
[SourceTitle "CBM 179 Extra"]
[Source "ChessBase"]
[SourceDate "2017.08.23"]
[SourceVersion "1"]
[SourceVersionDate "2017.08.23"]
[SourceQuality "1"]

1. e4 d5 2. exd5 Nf6 3. c4 e6 4. dxe6 Bxe6 5. Nc3 Bc5 6. Nf3 Nc6 7. d3 Nd4 8. Nxd4 Qxd4 9. Be3 Qe5 10. d4 Bxd4 11. Qxd4 Qxd4 12. Bxd4 0-0-0 13. Bxf6 gxf6 14. Be2 Rhg8 15. Bf3 Bxc4 16. Be2 Rge8 17. Rg1 Re7 18. Kf1 Rde8 19. Bxc4 a6 20. Nd5 Re6 21. Nb6+ Rxb6 22. Bxf7 Re7 23. Bb3 Re5 24. Re1 Rc5 25. g3 Rd6 26. Re7 Rd2 27. Rxh7 Rxb2 28. Kg2 Rf5 29. Be6+ Kd8 30. Bxf5 Rxa2 31. Rd1+ Ke8 32. Bg6+ Kf8 33. Rd8# 1-0